000
00313nam a22001217a 4500
008
180522b xxu||||| |||| 00| 0 eng d
041
_a
eng
080
_a
043.3
100
_a
0
101
_a
SHKI-BA
245
_a
Menaxhimi i Biznesit duke perdore Enterprise Resources Planning (ERP)
_c
Pavata, N
942
_2
udc
_c
BK
999
_c
46174
_d
46174